Huellas en papel / (Registro nro. 1739)
[ vista simple ]
| 000 -CABECERA | |
|---|---|
| campo de control de longitud fija | 00718nas a22002414a 4500 |
| 003 - IDENTIFICADOR DEL NÚMERO DE CONTROL | |
| campo de control | AR-RoIUNI |
| 005 - FECHA Y HORA DE LA ÚLTIMA TRANSACCIÓN | |
| campo de control | 20190502153339.0 |
| 007 - CAMPO FIJO DE DESCRIPCIÓN FÍSICA--INFORMACIÓN GENERAL | |
| campo de control de longitud fija | ta |
| 008 - DATOS DE LONGITUD FIJA--INFORMACIÓN GENERAL | |
| campo de control de longitud fija | 150616s2012 ag fu | r 000 |spa d |
| 022 ## - NÚMERO INTERNACIONAL NORMALIZADO PARA PUBLICACIONES SERIADAS | |
| Número Internacional Normalizado para Publicaciones Seriadas | 23140623 |
| 040 ## - FUENTE DE LA CATALOGACIÓN | |
| Centro/agencia transcriptor | AR-RoIUNI |
| 080 ## - NÚMERO DE LA CLASIFICACIÓN DECIMAL UNIVERSAL | |
| Número de la Clasificación Decimal Universal | 159.9(051) |
| 110 1# - ENTRADA PRINCIPAL--NOMBRE DE ENTIDAD CORPORATIVA | |
| Nombre de entidad corporativa o nombre de jurisdicción como elemento de entrada | Universidad del Salvador. |
| Unidad subordinada | Archivo histórico. |
| 245 ## - MENCIÓN DE TÍTULO | |
| Título | Huellas en papel / |
| Mención de responsabilidad, etc. | Archivo histórico de la Universidad del Salvador. |
| 260 ## - PUBLICACIÓN, DISTRIBUCIÓN, ETC. (PIE DE IMPRENTA) | |
| Lugar de publicación, distribución, etc. | Buenos Aires : |
| Nombre del editor, distribuidor, etc. | Usal, |
| Fecha de publicación, distribución, etc. | 2012- |
| 300 ## - DESCRIPCIÓN FÍSICA | |
| Extensión | v. ; |
| Dimensiones | 24 cm |
| 362 ## - FECHAS DE PUBLICACIÓN Y/O DESIGNACIÓN SECUENCIAL | |
| Fecha de publicación y/o designación secuencial | Año 1, no. 1- |
| 500 ## - NOTA GENERAL | |
| Nota general | Semestral |
| 500 ## - NOTA GENERAL | |
| Nota general | Publicación también en formato electrónico. |
| 650 #4 - PUNTO DE ACCESO ADICIONAL DE MATERIA--TÉRMINO DE MATERIA | |
| Término de materia o nombre geográfico como elemento inicial | PATRIMONIO DOCUMENTAL |
| 856 40 - LOCALIZACIÓN Y ACCESO ELECTRÓNICOS | |
| Nombre del host | http://p3.usal.edu.ar/index.php/huellas |
| Tipo de formato electrónico | PDF, HTML |
| 942 ## - ELEMENTOS DE PUNTO DE ACCESO ADICIONAL (KOHA) | |
| Tipo de ítem Koha | Recursos Continuos |
| Fuente del sistema de clasificación o colocación | Clasificación Decimal Universal |
| Estado de retiro | Estado de pérdida | Fuente del sistema de clasificación o colocación | Estado dañado | Excepción de préstamo | Localización permanente | Ubicación/localización actual | Ubicación en estantería | Fecha de adquisición | Enumeración/cronología de publicación seriada | Número de inventario | Total de préstamos | Signatura topográfica completa | Código de barras | Fecha visto por última vez | Identificador Uniforme del Recurso | Precio válido a partir de | Tipo de ítem Koha | Nota pública | Código de colección |
|---|---|---|---|---|---|---|---|---|---|---|---|---|---|---|---|---|---|---|---|
| Clasificación Decimal Universal | BIBLIOTECA CENTRAL | BIBLIOTECA CENTRAL | BIBLIOTECA CENTRAL | 02/05/2019 | Año 2, no. 3 | 5391 | 93 UNI | 5391c | 02/05/2019 | 02/05/2019 | Recursos Continuos | Literatura General | |||||||
| Clasificación Decimal Universal | BIBLIOTECA CENTRAL | BIBLIOTECA CENTRAL | BIBLIOTECA CENTRAL | 03/05/2019 | Año 3, no. 6 | 5408 | 93 UNI | 5408c | 03/05/2019 | 03/05/2019 | Recursos Continuos | Literatura General | |||||||
| Clasificación Decimal Universal | BIBLIOTECA CENTRAL | BIBLIOTECA CENTRAL | BIBLIOTECA CENTRAL | 06/05/2019 | Año 4, no. 8 | 5414 | 93 UNI | 5414c | 06/05/2019 | 06/05/2019 | Recursos Continuos | Literatura General | |||||||
| Clasificación Decimal Universal | BIBLIOTECA CENTRAL | BIBLIOTECA CENTRAL | BIBLIOTECA CENTRAL | 09/05/2019 | Año 4, no. 7 | 5446 | 93 UNI | 5446c | 09/05/2019 | 09/05/2019 | Recursos Continuos | Literatura General | |||||||
| Clasificación Decimal Universal | DEPOSITO Biblioteca Riobamba | DEPOSITO Biblioteca Riobamba | DEPOSITO Biblioteca Riobamba | 16/06/2015 | Año 1, No 1 | 1740 | 159.9(051) UNI | 1740c | 16/06/2015 | año 1 nº1 | 16/06/2015 | Recursos Continuos | Año 1, No 1 | ||||||
| Clasificación Decimal Universal | DEPOSITO Biblioteca Riobamba | DEPOSITO Biblioteca Riobamba | DEPOSITO Biblioteca Riobamba | 23/05/2016 | Año 1, No 1 | 1739 | 159.9(051) UNI | 1739c | 23/05/2016 | 23/05/2016 | Recursos Continuos | Año 1, No 2 |

